000 00373nam a2200169Ia 4500
100 _aHill/F.S/ Kelley/S.M
650 _aComputer graphics
942 _cBK
366 _f17.5
654 _aopen GL
245 _aComputer graphics using open GL
260 _bPearson Education
_c2007
082 _a006.6/HILL
_bHIL
300 _a786
546 _aENGLISH
999 _c18270
_d18270